书目信息 |
| 题名: |
概率与计算
|
|
| 作者: | 米森马彻 , 阿法 著 ;冉启康 译 | |
| 分册: | ||
| 出版信息: | 北京 机械工业出版社 2020.01 |
|
| 页数: | XI, 338页 | |
| 开本: | 24cm | |
| 丛书名: | 华章数学译丛 | |
| 单 册: | ||
| 中图分类: | TP301.6 | |
| 科图分类: | ||
| 主题词: | 算法分析--suan fa fen xi | |
| 电子资源: | ||
| ISBN: | 978-7-111-64411-8 | |
| 000 | 02012nam 2200325 450 | |
| 001 | 2061585217 | |
| 005 | 20201104170700.61 | |
| 010 | @a978-7-111-64411-8@dCNY99.00 | |
| 100 | @a20200407d2020 em y0chiy50 ea | |
| 101 | 1 | @achi@ceng |
| 102 | @aCN@b110000 | |
| 105 | @aa a 000yy | |
| 200 | 1 | @a概率与计算@Agai lv yu ji suan@e算法与数据分析中的随机化和概率技术@f(美) 迈克尔·米森马彻, 伊莱·阿法著@d= Probability and computing@erandomization and probabilistic techniques in algorithms and data analysis@fMichael Mitzenmacher, Eli Upfal@g冉启康译@zeng |
| 210 | @a北京@c机械工业出版社@d2020.01 | |
| 215 | @aXI, 338页@c图@d24cm | |
| 225 | 2 | @a华章数学译丛@Ahua zhang shu xue yi cong@v69 |
| 305 | @a据原书第2版译出 | |
| 314 | @a迈克尔·米森马彻 (Michael Mitzenmacher), 哈佛大学的计算机科学教授, 他于1996年在加州大学伯克利分校获得博士学位。在1999年进入哈佛大学之前, 他是PaIoAlto数字系统研究实验室的研究员 ; 伊莱·阿法尔 (Eli Upfal) , 布朗大学计算机科学系的教授、系主任。他在以色列耶路撒冷的希伯来大学获得了博士学位, 在1997年进入布朗大学之前, 他是IBM研究部的研究员、以色列魏兹曼科学研究所的教授。 | |
| 320 | @a有书目 | |
| 330 | @a本书详细地介绍了概率技术以及在概率算法与分析发展中使用过的范例。本书分两部分, 第壹部分介绍了随机抽样、期望、马尔可夫不等式、切比雪夫不等式、切尔诺夫界、球和箱子模型、概率技术和马尔可夫链等核心内容。第二部分主要研究连续概率、有限独立性的应用、熵、马尔可夫链蒙特卡罗方法、耦合、鞅和平衡配置等比较高深的课题。 | |
| 410 | 0 | @12001 @a华章数学译丛@v69 |
| 500 | 10 | @aProbability and computing : randomization and probabilistic techniques in algorithms and data analysis@mChinese |
| 517 | 1 | @a算法与数据分析中的随机化和概率技术@Asuan fa yu shu ju fen xi zhong de sui ji hua he gai lv ji shu |
| 606 | 0 | @a算法分析@Asuan fa fen xi |
| 690 | @aTP301.6@v5 | |
| 701 | 1 | @a米森马彻@Ami sen ma che@g(Mitzenmacher, Michael)@4著 |
| 701 | 1 | @a阿法@Aa fa@g(Upfal, Eli)@4著 |
| 702 | 0 | @a冉启康@Aran qi kang@4译 |
| 801 | 0 | @aCN@b人天书店@c20200927 |
| 905 | @aZUCC@dTP301.6@eM669 | |
| 概率与计算:算法与数据分析中的随机化和概率技术/(美) 迈克尔·米森马彻, 伊莱·阿法著= Probability and computing:randomization and probabilistic techniques in algorithms and data analysis/Michael Mitzenmacher, Eli Upfal/冉启康译.-北京:机械工业出版社,2020.01 |
| XI, 338页:图;24cm.-(华章数学译丛;69) |
| ISBN 978-7-111-64411-8:CNY99.00 |
| 本书详细地介绍了概率技术以及在概率算法与分析发展中使用过的范例。本书分两部分, 第壹部分介绍了随机抽样、期望、马尔可夫不等式、切比雪夫不等式、切尔诺夫界、球和箱子模型、概率技术和马尔可夫链等核心内容。第二部分主要研究连续概率、有限独立性的应用、熵、马尔可夫链蒙特卡罗方法、耦合、鞅和平衡配置等比较高深的课题。 |
| ● |
| 相关链接 |
|
|
|
正题名:概率与计算
索取号:TP301.6/M669
 
预约/预借
| 序号 | 登录号 | 条形码 | 馆藏地/架位号 | 状态 | 备注 |
| 1 | 1477673 | 214776731 | 自科库301/301自科库 45排6列1层/ [索取号:TP301.6/M669] | 在馆 | |
| 2 | 1477674 | 214776740 | 自科库301/301自科库 45排6列1层/ [索取号:TP301.6/M669] | 在馆 |